banner-ar

السلطة الابوية والشباب : دراسة ميدانية اجتماعية نفسية حول طبيعة السلطة وتمثلها / (Record no. 27823)

MARC details
000 -الفاتح
حقل البيانات ثابتة الطول 00738nam a2200193Ia 4500
008 - عناصر البيانات ثابتة الطول - معلومات عامة
حقل البيانات ثابتة الطول 140319s9999 xx 000 0 ara d
040 ## - مصدر الفهرسة
وكالة الفهرسة الأصلية GCL /
وكالة النسخ GCL
082 04 - رقم تصنيف ديوى العشرى
رقم التصنيف 301.1
رقم المادة ع س
100 1# - المدخل الرئيسى - إسم شخصى
الإسم الشخصى عباس مكى
245 10 - بيان العنوان
العنوان السلطة الابوية والشباب : دراسة ميدانية اجتماعية نفسية حول طبيعة السلطة وتمثلها /
بيان المسئوليه,etc عباس مكى
700 1# - المدخل الاضافى - اسم شخصى
الإسم الشخصى زهير حطب
260 ## - PUBLICATION, DISTRIBUTION, ETC. (IMPRINT)
تاريخ النشر أو التوزيع 1900
300 ## - الوصف المادى
التعداد 247 ص
490 ## - بيان السلسلة
عنوان السلسلة الدراسات الانسانية علم اجتماع الاسرة
رقم المجلد/ التعيين التسلسلي 0
650 04 - المدخل الاضافى بالموضوع-مصطلح موضوعى
مصطلح موضوعي علم النفس التربوى
650 04 - المدخل الاضافى بالموضوع-مصطلح موضوعى
مصطلح موضوعي علم النفس الاجتماعى
942 ## - عناصر المدخل الإضافي( كوها)
مصدر التصنيف او مخطط الترفيف Dewey Decimal Classification
Koha [default] item type كتاب
260 ## - PUBLICATION, DISTRIBUTION, ETC. (IMPRINT)
-- [S.N] :
-- معهد الانتماء العربى ،
Holdings
حالة التراجع حالة الفقد حالة تلف ليس للاعارة المكان المؤقت الموقع الحالى تاريخ الاكتساب اجمالي اﻻعارات رقم الطلب الباركود تاريخ اخر مشاهدة تاريخ تفعيل السعر نوع وعاء كوها
        مكتبة القاهرة الكبرى مكتبة القاهرة الكبرى 03/26/2014   301.1\ع س 63448 03/26/2014 03/26/2014 كتاب
        مكتبة القاهرة الكبرى مكتبة القاهرة الكبرى 03/26/2014   301.1\ع س 63449 03/26/2014 03/26/2014 كتاب

Powered By

EGPV